Diario de cine: el nacimiento del nuevo cine americano

Bewaard in:
Bibliografische gegevens
Hoofdauteur: Mekas, Jonas (autor)
Formaat: Boek
Taal:Spaans
Gepubliceerd in: Madrid Fundamentos 1975
Reeks:Cine, 62
Onderwerpen:
Tags: Voeg label toe
Geen labels, Wees de eerste die dit record labelt!

MARC

LEADER 00000nam a2200000 a 4500
001 UCO5007
003 CL-VaPUC
008 000825e19750000SP |||||||||||||||||spa|d
082 0 4 |a 791.4309  |b MEK  |2 21 
100 |a Mekas, Jonas  |e autor  |9 577799 
245 1 0 |a Diario de cine: el nacimiento del nuevo cine americano 
300 |a 550 p 
942 |c BK 
945 |d 20000825 00:00:00  |a crobeson 
260 |a Madrid  |b Fundamentos  |c 1975 
650 7 |a CINE ESTADOUNIDENSE  |2 CL-VaPUC  |9 449636 
650 0 |a Artes escénicas  |9 318853 
650 0 |a Industria cinematográfica  |9 266081 
650 7 |a PELICULAS CINEMATOGRAFICAS  |2 CL-VaPUC  |9 449738 
650 0 |a Directores de cine  |9 368705 
650 7 |a REALIZADORES CINEMATOGRAFICOS  |2 CL-VaPUC  |9 355120 
650 0 |a Historia y crítica   |9 257407 
583 |a last modification  |c 20000825 00:00:00  |k Rodrigo Vera 
490 0 |a Cine, 62 
999 |c 290964  |d 290962 
952 |0 0  |1 0  |4 0  |6 791_430900000000000_MEK_1975  |7 0  |8 A  |9 340596  |a BIBART  |b BIBART  |d 2019-11-20  |i 1217925  |o 791.4309 MEK 1975  |p 1217925  |r 2025-03-13  |w 2019-11-20  |y BK  |k ART